Statistics for Albania cities A-Z

Click here to take the quiz!

General Stats

  • This quiz has been taken 28 times
  • The average score is 8 of 17

Answer Stats

Letter Population Answer % Correct
B32,606Berat
90%
T374,801Tirana
90%
E100,903Elbasan
75%
D122,034Durres
70%
F60,995Fier
70%
G19,836Gjirokastër
65%
V89,546Vlore
60%
K58,259Korçë
60%
S88,245Shkodër
55%
P20,848Pogradec
40%
L31,105Lushnjë
35%
H2,822Himarë
30%
O5,503Orikum
25%
C6,695Cerrik
15%
M15,284Mamurras
15%
R8,803Rrëshen
15%
U7,232Ura Vajgurore
10%

Score Distribution

Percentile by Number Answered

Percent of People with Each Score

Your Score History

You have not taken this quiz